000 00622nam a2200157 a 4500
001 000037662
005 20201002031111.0
008 121024s2008 pe a 000 0 spa d
040 _aDO-SdBNP
_bspa
_cBNPHU
082 _axxx
_bA448t
100 1 _aAlmeri G., Giovanni
_964132
245 1 0 _aTragos y cocteles :
_bTipos, elaboración, decoración y más /
_cGiovanni Almeri G.
260 _aLima :
_bEdiciones Mirbet,
_c2008.
300 _a135 p. :
_bil. ;
_c21 cm.
505 2 _tHistoria del cóctel --
_tTipos de cóctel --
_tUtensilios, copas y vasos --
_tLos cócteles más populares --
_tMás de 100 recetas de cócteles y más...
999 _c37152
_d37152